Catalog

Record Details

Catalog Search



Stephen Crane's the red badge of courage : the ... Read More

Vansant, Wayne.(Author).
Crane, Stephen, 1871-1900 Red badge of courage.(Added Author).

Available copies

  • 1 of 1 copy available at LARL/NWRL Consortium.
  • 1 of 1 copy available at Northwest Regional Library. (Show preferred library)

Current holds

0 current holds with 1 total copy.

Show Only Available Copies
Location Call Number / Copy Notes Barcode Shelving Location Status Due Date
Greenbush Public Library ya CRA (Text) 35500003860721 Main Available -

Record details

  • ISBN: 0142404101 (pbk.)
  • ISBN: 1415607362 (BWI bdg.)
  • Physical Description: 176 p. : chiefly ill. ; 21 cm.
  • Publisher: New York : Puffin, c2005.

Content descriptions

General Note:
"A Byron Preiss book"--T.p. verso.
Summary, etc.:
During his service in the Civil War, a young Union ... Read More
Subject: United States > History > Civil War, 1861-1865 > Juvenile fiction.
Courage > Juvenile fiction.
United States > History > Civil War, 1861-1865 > Fiction.
Courage > Fiction.
War > Fiction.
Coming of age > Fiction.
Cartoons and comics.
Genre: War stories.
Bildungsromans.
Graphic novels.
LDR 01980nam a2200445Ia 4500
00162966
003LARL_NWRL_CONSORTIUM
00520051026124942.0
008050526s2005 nyua d 000 c eng
020 . ‡a0142404101 (pbk.)
020 . ‡a1415607362 (BWI bdg.)
0243 . ‡a9780142404102 (pbk.)
035 . ‡a(OCoLC)60496186
08204. ‡a741.5/973 ‡222
1001 . ‡aVansant, Wayne. ‡0(LARL_NWRL_CONSORTIUM)203416
24510. ‡aStephen Crane's the red badge of courage : ‡bthe graphic novel / ‡cadapted by Wayne Vansant.
24630. ‡aRed badge of courage
260 . ‡aNew York : ‡bPuffin, ‡cc2005.
300 . ‡a176 p. : ‡bchiefly ill. ; ‡c21 cm.
4900 . ‡aPuffin graphics
500 . ‡a"A Byron Preiss book"--T.p. verso.
520 . ‡aDuring his service in the Civil War, a young Union soldier matures to manhood and finds peace of mind as he comes to grips with his conflicting emotions about war. Presented in comic book format.
651 0. ‡aUnited States ‡xHistory ‡yCivil War, 1861-1865 ‡vJuvenile fiction. ‡0(LARL_NWRL_CONSORTIUM)163001
650 0. ‡aCourage ‡vJuvenile fiction. ‡0(LARL_NWRL_CONSORTIUM)171693
651 1. ‡aUnited States ‡xHistory ‡yCivil War, 1861-1865 ‡vFiction. ‡0(LARL_NWRL_CONSORTIUM)163006
650 1. ‡aCourage ‡vFiction.
650 1. ‡aWar ‡vFiction. ‡0(LARL_NWRL_CONSORTIUM)176223
650 1. ‡aComing of age ‡vFiction. ‡0(LARL_NWRL_CONSORTIUM)176262
650 1. ‡aCartoons and comics. ‡0(LARL_NWRL_CONSORTIUM)175912
655 7. ‡aWar stories. ‡2gsafd
655 7. ‡aBildungsromans. ‡2gsafd
655 0. ‡aGraphic novels.
7001 . ‡aCrane, Stephen, ‡d1871-1900. ‡tRed badge of courage.
901 . ‡a62966 ‡bOCLC ‡c62966 ‡tbiblio

Additional Resources